Los proyectos de inversión: evaluación financiera (Registro nro. 3468)
[ vista simple ]
| 000 -Cabecera | |
|---|---|
| Campo de control de longitud fija | 00982aam a2200313 4500 |
| 005 - Fecha y hora de la última transacción | |
| Campo de control | 20250618155043.0 |
| 008 - Elementos de longitud fija--Información general | |
| Campo de control de longitud fija | 150227b2010 xxu||||| |||| 00| 0 ES d |
| 041 ## - Idioma | |
| Código de idioma | |
| 082 ## - Clasificación Decimal Dewey | |
| Número de clasificación | 658.404 F363p2 |
| 100 ## - Entrada principal--Autor personal | |
| Nombre personal | Fernández Espinoza, Saúl |
| 9 (RLIN) | 3315 |
| 245 ## - Título propiamente dicho | |
| Título | Los proyectos de inversión: evaluación financiera |
| 260 ## - Pie de imprenta | |
| Lugar de publicación, distribución, etc. | Costa Rica |
| 260 ## - Pie de imprenta | |
| Nombre del editor, distribuidor, etc. | Editorial Tecnológica de Costa Rica |
| 260 ## - Pie de imprenta | |
| Fecha de publicación, distribución, etc. | 2010 |
| 300 ## - Descripción física | |
| Extensión | 318 páginas |
| 490 ## - Serie | |
| Título de la Serie | Dirección y Administración de Empresas |
| 650 ## - Materia general | |
| Temática (materia general) | GERENCIA DE PROYECTOS |
| 650 ## - Materia general | |
| Temática (materia general) | PROYECTOS DE INVERSIÓN |
| 650 ## - Materia general | |
| Temática (materia general) | ADMINISTRACIÓN DE PROYECTOS |
| 650 ## - Materia general | |
| Temática (materia general) | ESTUDIOS DE FACTIBILIDAD |
| 650 ## - Materia general | |
| Temática (materia general) | ESTUDIOS DE MERCADO |
| 650 ## - Materia general | |
| Temática (materia general) | EVALUACIÓN FINANCIERA DE PROYECTOS DE INVERSIÓN |
| 650 ## - Materia general | |
| Temática (materia general) | ANÁLISIS FINANCIERO DE PROYECTOS DE INVERSIÓN |
| 650 ## - Materia general | |
| Temática (materia general) | CASOS PROPUESTOS |
| 650 ## - Materia general | |
| Temática (materia general) | FORMULACIÓN |
| 650 ## - Materia general | |
| Temática (materia general) | ESTUDIOS DE FACTIBILIDAD |
| 650 ## - Materia general | |
| Temática (materia general) | INVERSIONES |
| 942 ## - Punto de acceso adicional KOHA | |
| Tipo de ítem KOHA | Libro |
| Fuente del sistema de clasificación o colocación | Dewey Decimal Classification |
| Signatura completa | Código de barras | Programa Académico | Tipo de ítem |
|---|---|---|---|
| 658.404 F363p2 | 18779 | Dirección y Administración de Empresas | Libro |
| 658.404 F363p2 | 18780 | Dirección y Administración de Empresas | Libro |